000 00316nam a2200157Ia 4500
100 _aAdiga Aravind
942 _cBK
366 _f17.5
654 _awhite tiger
245 _aThe White Tiger
260 _bHarper collins
_c2008
082 _a88.83/ADI
_bADI
300 _a321
546 _aENGLISH
999 _c17756
_d17756